000 01504nam a2200325 i 4500
003 EG-GICUC
005 20260430061740.0
008 260430s1925 ua ||||fr|||| 00| 0 eng d
040 _aEG-GiCUC
_beng
_cEG-GiCUC
_dEG-GiCUC
_erda
041 1 _adan
082 0 4 _221
_a343
_bCO
092 0 4 _221
099 _aLaw1 10 343 CO 2 ed - 1925
245 0 2 _aA Collection Of Questions Of The Final Examinations = مجموعة الامتحانات النهائية :
_bThe Royal School Of Law Including The Licence Examinations From 1906 To March 1925 Inclusive = المدرسة الحقوق الملكية من سنة ١٩٠٦ لغاية امتحان مارس سنة ١٩٢٥ .
_nPart IV The Licence /
_cCollected & Arranged By Ahmed Omar & Ali Abel Aziz.
246 5 _aمجموعة الامتحانات النهائية المدرسة الحقوق الملكية :
_bمن سنة ١٩٠٦ لغاية امتحان مارس سنة ١٩٢٥ السنة الأولى.
250 _a2nd Edition,
264 1 _aLe Catre :
_b Impr Al-eatemala,
_c1925.
300 _a128 pages,
_c24 cm
336 _2rda content
_atext
337 _2rda media
_aComputer
338 _2rda carrier
_aOnline Resource
546 _a Parallel text in Arabic and English
650 1 4 _aالقانون الجنائي
650 1 4 _aCriminal law
700 0 _a Ahmed Omar
_eCompiler.
700 0 _a Ali Abel Aziz
_eCompiler.
856 4 0 _uhttps://fll.law.cu.edu.eg/fulltext/bks/B10-11067.pdf
905 _a48
942 _2ddc
_cBK
_e21
_n0
999 _c74362
_d74362